Entwicklungspsychologie des Erwachsenenalters
| Contributors: | |
|---|---|
| Format: | Print Book |
| Language: | German |
| Published: |
Stuttgart Berlin Köln
Kohlhammer
2002
|
| In: |
Grundriss der Psychologie (14)
Year: 2002 |
| Edition: | 2., überarb. und erw. Aufl. |
| Online Access: |
Table of Contents |
| Availability in Tübingen: | Present in Tübingen. IFK: N V 188 |
| Check availability: | HBZ Gateway |
| Subito Delivery Service: | Order now. |
| Keywords: |
MARC
| LEADER | 00000cam a2200000 cb4500 | ||
|---|---|---|---|
| 001 | 1153129469 | ||
| 003 | DE-627 | ||
| 005 | 20250817104508.0 | ||
| 007 | tu | ||
| 008 | 000203s2002 xx ||||| 00| ||ger c | ||
| 020 | |a 3170160540 |9 3-17-016054-0 | ||
| 024 | 3 | |a 9783170160545 | |
| 035 | |a (DE-627)1153129469 | ||
| 035 | |a (DE-576)083129464 | ||
| 035 | |a (DE-599)BSZ083129464 | ||
| 035 | |a (OCoLC)76272522 | ||
| 040 | |a DE-627 |b ger |c DE-627 |e rakwb | ||
| 041 | |a ger | ||
| 084 | |a 5,2 |a 1 |2 ssgn | ||
| 084 | |a CQ 7200 |2 rvk |0 (DE-625)rvk/19017: | ||
| 084 | |a CM 1000 |2 rvk |0 (DE-625)rvk/18940: | ||
| 084 | |a CQ 5500 |2 rvk |0 (DE-625)rvk/19010: | ||
| 245 | 0 | 0 | |a Entwicklungspsychologie des Erwachsenenalters |c Toni Faltermaier ... |
| 250 | |a 2., überarb. und erw. Aufl. | ||
| 264 | 1 | |a Stuttgart |a Berlin |a Köln |b Kohlhammer |c 2002 | |
| 300 | |a 225 S. |b graph. Darst. | ||
| 336 | |a Text |b txt |2 rdacontent | ||
| 337 | |a ohne Hilfsmittel zu benutzen |b n |2 rdamedia | ||
| 338 | |a Band |b nc |2 rdacarrier | ||
| 490 | 1 | |a Grundriss der Psychologie / hrsg. von Herbert Selg ... |v 14 | |
| 490 | 0 | |a Kohlhammer-Urban-Taschenbücher |v 563 | |
| 583 | 1 | |a Archivierung/Langzeitarchivierung gewährleistet |f PEBW |x XA-DE-BW |2 pdager |5 DE-24 | |
| 689 | 0 | 0 | |d s |0 (DE-588)4015431-2 |0 (DE-627)106336754 |0 (DE-576)208911723 |a Erwachsener |2 gnd |
| 689 | 0 | 1 | |d s |0 (DE-588)4014963-8 |0 (DE-627)106338218 |0 (DE-576)208909990 |a Entwicklungspsychologie |2 gnd |
| 689 | 0 | |5 DE-101 | |
| 700 | 1 | |a Faltermaier, Toni |d 1952- |0 (DE-588)118176110 |0 (DE-627)079287778 |0 (DE-576)16424915X |4 oth | |
| 830 | 0 | |a Grundriss der Psychologie |v 14 |9 14,2 |w (DE-627)1088471994 |w (DE-576)018471994 |7 am | |
| 856 | 4 | 2 | |u https://swbplus.bsz-bw.de/bsz083129464inh.htm |m B:DE-576;DE-352 |q application/pdf |v 20110314164812 |x Verlag |3 Inhaltsverzeichnis |7 1 |
| 935 | |a mteo | ||
| 936 | r | v | |a CQ 7200 |b Erwachsenenalter |k Psychologie |k Entwicklungspsychologie |k Altern |k Erwachsenenalter |0 (DE-627)1271510006 |0 (DE-625)rvk/19017: |0 (DE-576)201510006 |
| 936 | r | v | |a CM 1000 |b Allgemeine und einführende Werke |k Psychologie |k Allgemeines. Geschichte und Methodik |k Allgemeine und einführende Werke |0 (DE-627)1270708856 |0 (DE-625)rvk/18940: |0 (DE-576)200708856 |
| 936 | r | v | |a CQ 5500 |b Entwicklungspsychologie der Lebensalter |k Psychologie |k Entwicklungspsychologie |k Entwicklungspsychologie der Lebensalter |0 (DE-627)1271569965 |0 (DE-625)rvk/19010: |0 (DE-576)201569965 |
| 951 | |a MV | ||
| ELC | |b 1 | ||
| LOK | |0 000 xxxxxcx a22 zn 4500 | ||
| LOK | |0 001 2372626221 | ||
| LOK | |0 003 DE-627 | ||
| LOK | |0 004 1153129469 | ||
| LOK | |0 005 20020702000000 | ||
| LOK | |0 008 020702||||||||||||||||ger||||||| | ||
| LOK | |0 040 |a DE-21-110 |c DE-627 |d DE-21-110 | ||
| LOK | |0 852 |a DE-21-110 | ||
| LOK | |0 852 1 |c N V 188 |m p |9 00 | ||
| LOK | |0 935 |a k110 | ||
| LOK | |0 936ln |a 8.7.3 | ||
| LOK | |0 938 |k p | ||
| LOK | |0 939 |a 02-07-02 |b l01 | ||
| ORI | |a SA-MARC-krimdoka001.raw | ||
| SIG | |a IFK: N V 188 | ||
